| 000 | 01929nam a2200421 c 4500 | ||
|---|---|---|---|
| 003 | BLK | ||
| 005 | 20230802121544.0 | ||
| 008 | 180408b bul|||||r ||||||| ||bul|| | ||
| 010 | _aKNG00082098000 | ||
| 020 |
_a978-84-9819-908-6 _bиздат.: Mediasat Group, S. A. |
||
| 020 |
_a978-84-9819-890-4 _bиздат.: Mediasat Group, S. A. - (серия) |
||
| 040 | _aBLK | ||
| 041 |
_aBUL _cBUL |
||
| 080 |
_aМузиканти-творци, композитори _b78.071.1 _x(45)(092) _z78.071.1(45)(092) |
||
| 080 |
_aВенециански свещеник, бароков композитор и цигулар _b929 Вивалди, Антонио _x _z929 Вивалди, Антонио |
||
| 700 | 1 |
_aБеркович, Филип _eавт. на текста _9298407 |
|
| 700 | 1 |
_aМанчева-Вичик, Ваня _eпрев. _9298401 |
|
| 700 | 1 |
_aКаранлъков, Лъчезар Тодоров _d1943-2022 _eред. _976810 |
|
| 139 |
_aБеркович, Филип _bВ 55 |
||
| 245 | 1 | 0 |
_aАнтонио Вивалди _cавт. на текста Филип Беркович; прев. Ваня Манчева-Вичик; ред. Лъчезар Каранлъков. |
| 257 | _aITA | ||
| 260 |
_аСофия _bMediasat Group, S. A. _c2007 _fОтпеч. в ЕС |
||
| 300 |
_a43 с. _bс цв. ил. _c13Х14 см _eCD |
||
| 380 | _a7 | ||
| 490 | 1 |
_aШедьоври на класиката _v18 |
|
| 500 | _aКн. е с CD 1654 | ||
| 600 | 1 | 4 |
_aВивалди, Антонио _947870 |
| 650 | 4 |
_aКомпозитори, италиански _9276875 |
|
| 651 | 4 |
_aИталия _9178965 |
|
| 653 | _aиталиански композитори | ||
| 653 | _aАнтонио Вивалди | ||
| 852 | _aЦб І 32936 | ||
| 856 | 4 |
_qpdf _u |
|
| 856 | 4 |
_qpdf _u |
|
| 942 |
_cKNG _n0 |
||
| 944 |
_aCR _c10.03.2008 _k30556 _lТеодора Пейчева-Дянкова |
||
| 944 |
_aED _c08.01.2018 _kИрена_Линкова |
||
| 999 |
_c77639 _d77639 |
||